| 000 | 00633cam a22002172 4500 | ||
|---|---|---|---|
| 001 | 0000003227 | ||
| 005 | 20151217151919.0 | ||
| 008 | 070502s xx 000 0 eng d | ||
| 020 |
_a8472081079 : _cKES 2,200 |
||
| 040 |
_aKABU _cKABU |
||
| 050 | 0 |
_aHQ769 _b.P67 |
|
| 100 | 1 |
_aPosse, Raul. _@0000152962 |
|
| 245 | 1 | 0 |
_aFor raising your child / _cRaul Posse, Julian Melgosa. |
| 260 |
_aMadrid, Spain : _bEditorial Safeliz, _c2002. |
||
| 300 | _a189 p. | ||
| 650 | 0 |
_aChild rearing. _@0000152963 |
|
| 700 | 1 |
_aMelgosa, Julian. _@0000148076 |
|
| 908 | _a070502 | ||
| 950 | _@1 | ||
| 999 |
_c6290 _d6290 |
||